| 000 | 01390nam a2200277Ia 4500 | ||
|---|---|---|---|
| 999 |
_c4970 _d4970 |
||
| 003 | OSt | ||
| 005 | 20200420123801.0 | ||
| 008 | 191128s2008 ag gr 000 0 spa d | ||
| 020 | _a9789871183999 | ||
| 040 |
_aCO-JMCR _cCO-JMCR |
||
| 041 | 0 | _aspa | |
| 082 | 0 | 4 |
_a303.484 / _bL81 |
| 100 | 1 |
_aLopez Maya, Margarita, _ecompiladora _93228 |
|
| 245 | 1 | 0 |
_aLuchas contrahegemónicas y cambios políticos recientes de América latina / _cMargarita Lopéz Maya, Nicolás Iñigo Carrera, Pilar Calveiro ; editores Silvia Dureénit Bielous [y otros 16] |
| 260 |
_aBuenos Aires : _bClacso, _c2008 |
||
| 300 |
_a381 páginas ; _c28 cm. |
||
| 490 | 0 | _aGrupos de trabajo | |
| 505 | _aPara un debate sobre lo conceptual y metodológico -- Acerca de la difícil relación entre violencia y resistencia / Pilar Calveiro -- La lucha contra la impunidad en las sociedades del Cono sur. -- Reflexiones acerca de la verdad, la justicia y la razón de es | ||
| 520 | _aResulta evidente que América Latina en su historia reciente que se ha ido extendiendo, a medida que se avanza en el siglo XXI, a casi todas las sociedades de la región. Es un fenómeno diverso. | ||
| 650 | 1 | 4 |
_aSociología _92811 |
| 650 | 2 | 4 |
_aResistencia popular _93229 |
| 650 | 2 | 4 |
_aContrahegemonía _93230 |
| 700 | 1 |
_aIñigo Carrera, Nicolas, _eeditor _93231 |
|
| 700 | 1 |
_aCalveiro, Pilar, _eeditora _93232 |
|
| 942 |
_2ddc _cBK |
||